Os filmes coloridos (Registo nº 201279)

Detalhes MARC
000 -Etiqueta do registo
Valores 00600nam 22002173 4500
021 ## - Número do Depósito Legal
Código do país Portugal
100 ## - Dados gerais de processamento
Dados gerais 20231030d u||y0pory50 ba
101 ## - Língua de publicação
Língua Português
102 ## - País de publicação
País Portugal
200 ## - Titulo e menção de responsabilidade
Título próprio Os filmes coloridos
Primeira menção de responsabilidade João Camilo
210 ## - Publicação
Local de publicação Porto
Nome do editor Árvore
Data de publicação [s.d.]
215 ## - Descrição física 
Paginação / Volumes [104] p
Outras indicações físicas brochado
Dimensões 19 cm
300 ## - Notas gerais 
Texto da nota Contém dedicatória do escritor na folha de rosto
606 ## - Nome comum usado como assunto
ID Autoridade 23
Palavra de ordem Literatura Portuguesa
Subdivisão assunto Poesia
675 ## - CDU
Notação 821.134.3-1
Edição PT
Língua por
700 ## - Autor principal (pessoa individual)
ID Autoridade 3868
Apelido Camilo
Nome João
Datas 1943-
801 ## - Fonte de origem
País PT
Agência BMMN
Regras de catalogação RPC
830 ## - Notas gerais do catalogador
Criado por Ana Falardo
Indexado por Ana Falardo
990 ## - Elementos KOHA
Tipo de documento Livro
Exemplares
Situação do levantamento Biblioteca de origem Código de barras Cota Permissão de empréstimo Tipo de documento Nota relativa ao exemplar Forma de aquisição
  Biblioteca Municipal de Montemor-o-Novo 30584 821.134.3-1 CAM|SAF   Livro Acesso Condicionado Oferta

Powered by Koha